000 01255nam a2200229Ia 4500
001 L269-28721
003 IT-CnALBA
008 170116s9999||||xx |||||||||||||| ||und||
040 _aIT-CnALBA
_cIT-CnALBA
041 _aITALIANO
100 _aPATTARO GERMANO
245 0 _aEVANGELIZZARE IL MATRIMONIO. GUIDA AGLI INCONTRI DI CATECHESI. PER GIOVANI E ADULTI.
250 _a1a ed.
260 _aROMA
_bCENAC. CENTRO NAZ. ATTIVITÀ CATECH. RO'
_c1975 [1° Ed.:1975 - Ed.Ling.Originale: 1975]
300 _a328 p.
500 _aCURATORE MILAN P. ANDREOLI P. CAMPANINI G. MURARO G. CAMIATO F. COSCIENZA CRISTIANA DEL MATRIMONIO. VITA MATRIMONIALE. AMORE DI DIO NEL MONDO. EVANGELIZZAZIONE E MATRIMONIO. DOCUMENTO DELLA CEI. INIZIAZIONE CRISTIANA DEI FIDANZATI. SCHEDE PER ADOLESCENTI.
501 _aSocietà San Paolo EM - Piazza San Paolo, 14 - 12051 ALBA (CN) (non commercial uses only) ® Copyright 2017
520 _aCURATORE MILAN P. ANDREOLI P. CAMPANINI G. MURARO G. CAMIATO F. COSCIENZA CRISTIANA DEL MATRIMONIO. VITA MATRIMONIALE. AMORE DI DIO NEL MONDO. EVANGELIZZAZIONE E MATRIMONIO. DOCUMENTO DELLA CEI. INIZIAZIONE CRISTIANA DEI FIDANZATI. SCHEDE PER ADOLESCENTI.
650 _aEVANGELIZZAZIONE
942 _cBK
957 _71
999 _a33490
_bNO
_g Copie: 1
_c287668
_d287668